Statistiques concernant Les Mini-Jeux d'Epicube (Mars 2016)

Cliquez ici pour prendre le quiz!

Statistiques générales

  • Ce quiz a été pris 8 fois
  • Le résultat moyen est 14 sur 22

Statistiques - réponses

Symbole Mini-Jeu % Correct
Laine BlancheSheep Wars
100%
Pomme doréeUHC
100%
Carotte doréeUHC Run
86%
BaliseTotem
86%
FlècheArrow
86%
Bloc de verre bleuMou Tron
86%
Tête de zombieSurvivor
71%
Colorant RoseFight Club
71%
Bloc de TNTFallen Kingdom
71%
Disque : C418 - 13Disco Sheep
71%
CuirCatch The Cow
71%
EnclumeAge of Empire
71%
Perle du NéantPvP Swap
57%
Pelle en boisPitch Out
57%
Epée en orHunger Games
57%
Barreaux en ferPay Day
57%
CadreGladiators
43%
Boule de feu enchantéeSkyfall
43%
Cotte de mailleDomination
43%
Bloc de glace solideIce Runner
43%
PommeUHC Theme
14%
Crème de magmaEpic Smash
14%

Distribution des résultats

Percentile by Number Answered

% des personnes avec chaque résultat

Votre développement - résultats

Vous n’avez pas pris ce quiz